MSN Messenger 火热应用 (Record no. 55200)

000 -LEADER
fixed length control field 00544nam a22001937a 4500
003 - CONTROL NUMBER IDENTIFIER
control field MPLRDC
005 - DATE AND TIME OF LATEST TRANSACTION
control field 20220104160843.0
008 - FIXED-LENGTH DATA ELEMENTS--GENERAL INFORMATION
fixed length control field 210129b ||||| |||| 00| 0 eng d
020 ## - INTERNATIONAL STANDARD BOOK NUMBER
International Standard Book Number 983-2555-69-8
082 ## - DEWEY DECIMAL CLASSIFICATION NUMBER
Classification number 312.91653 LZG-2 2005
100 ## - MAIN ENTRY--PERSONAL NAME
Personal name 赖昭光编著
245 ## - TITLE STATEMENT
Title MSN Messenger 火热应用
Statement of responsibility, etc.
250 ## - EDITION STATEMENT
Edition statement 一版一刷
260 ## - PUBLICATION, DISTRIBUTION, ETC.
Place of publication, distribution, etc. 马来西亚
Name of publisher, distributor, etc. 大众科技出版有限公司
Date of publication, distribution, etc. 2005
300 ## - PHYSICAL DESCRIPTION
Other physical details CD一个
490 ## - SERIES STATEMENT
Series statement 一学就会系列. 11
650 ## - SUBJECT ADDED ENTRY--TOPICAL TERM
Topical term or geographic name entry element 电脑科学--网际网络
942 ## - ADDED ENTRY ELEMENTS (KOHA)
Koha item type Book
-- 312.91653 LZG-2 2005
Holdings
Withdrawn status Lost status Source of classification or shelving scheme Damaged status Not for loan Collection code Home library Current library Shelving location Date acquired Cost, normal purchase price Total Checkouts Full call number Barcode Date last seen Date last checked out Price effective from Koha item type Public note
            Malaysian Public Library, Research and Development Centre Malaysian Public Library, Research and Development Centre   10/12/2007 19.90   312.91653 LZG-2 2005 00055394 18/03/2021 19/03/2016 18/03/2021 Book mplrdc

© 2022. Malaysian Public Library, Research and Development Centre. All Right ReservedE-mailmplrdc@help.edu.my 

Powered by Koha